000 00660nam a2200193Ia 4500
005 20250508165114.0
008 008 250505s9999 xx 000 0 eng d
037 _aDissertations
040 _aFEDL
_beng
_cFEDL
041 _aeng
_2eng
084 _a370.193 41, SHA/DI
_qFEDL
100 _aSharma Shilpa
_9553959
245 0 _aSocial dissonance in the classroom-negotiated existence of economically weaker section (EWS) in a public school
260 _c2011
300 _a122p.
546 _aM. Ed. Dissertation, (Delhi University); Gifted by Prof. Sailaja Chennat
942 _cDIS
_h370.193 41, SHA/DI
999 _c1393203
_d1393203